Εισαγωγή στην ψυχοπαθολογία του ενήλικα

Αποθηκεύτηκε σε:
Λεπτομέρειες βιβλιογραφικής εγγραφής
Κύριος συγγραφέας: Χριστοπούλου, Άννα
Μορφή: Βιβλίο
Γλώσσα:Greek
Δημοσίευση: Αθήνα : Τόπος, c2020.
Έκδοση:2η αναθ. έκδ.
Σειρά:Επιστημονικές εκδόσεις (Τόπος)
Θέματα:
Ετικέτες: Προσθήκη ετικέτας
Δεν υπάρχουν, Καταχωρήστε ετικέτα πρώτοι!

MARC

LEADER 00000nam a2200000 a 4500
001 1/125929
008 230119s2020####gr | ||| |||| ||gre||
020 |a 9789604493345 
040 |a GR-MyUa  |b gre  |c GR-MyUa  |e AACR2 
041 0 |a gre 
082 7 |a 616.89   |2 (23) 
100 1 |a Χριστοπούλου, Άννα. 
245 1 0 |a Εισαγωγή στην ψυχοπαθολογία του ενήλικα /   |c Άννα Χριστοπούλου. 
250 |a 2η αναθ. έκδ. 
260 |a Αθήνα :   |b Τόπος,   |c c2020. 
300 |a 781 σ. ;   |c 30 εκ.  
490 1 |a (Επιστημονικές εκδόσεις / Τόπος) 
504 |a Βιβλιογραφία : σ. 675-781. 
650 0 |a Adolescent psychiatry 
650 2 |a Mental Disorders  |x Child. 
650 0 |a Psychoses in adolescence 
650 0 |a Clinical health psychology 
830 0 |a Επιστημονικές εκδόσεις (Τόπος) 
852 |a INST  |b RHODES  |c EUDOXUS  |e 20230119  |h 616.89 ΧΡΙ  |p 005400043321  |q 005400043321  |t EDX  |y 0 
920 |a Εύδοξος  |b Παραγγελία  |y Ρόδος-ΤΕΠΑΕΣ  |z 2022-12 
970 |z 19-01-2023